zpět

Detail výsledku týmu

Garáž, Pardubice

Datum a čas kvízu

38.5 Celkem bodů Celkový počet nahraných bodů na tomto kvízu bez doplňovacích otázek.
1. Pořadí na kvízu Konečné umístění týmu na tomto kvízu.

Zaznamenané odpovědi

# Otázka Odpověď Body Výsledky
1. Zástupci organizace Liga Libe... v roušce 1
2. V pátek byl v italských Benátk... Mojžíš 1
3. Minulý týden vstoupil do kin d... Meky 1
4. Ve středu oslavil jeden význam... Ryanair 1
5. Čtyřnásobný šampión Tour de Fr... Chris Froome 1
6. Různé návykové látky jsou užív... zelená, peprmintka 1
7. Užívání tabákových výrobků je... polevím z vysokejch otáček 1
8. Konopí se odpradávna používá j... kanabinoidy 1
9. Znáte nebo dokážete odvodit ná... Heroin 0
10. Kokain je získáván z listů tro... D 1